000 01816nim a2200385 i 4500
001 197332
003 ES-MaACL
005 20250828062626.0
007 ss lsnjlcipnne
008 200525s1991 sp nnnn |||| 00| spa d
040 _bspa
_cES-MaACL
245 0 0 _aOdisea del tiempo: la ciencia ficción
_h[Grabación sonora] :
_bciclo "El mundo que sueñan las mujeres" /
_cintervienen Elena Gascón Vera y Margarita Pisano
246 _aCiclo "Operación Lisístrata"
260 _aMadrid :
_bAteneo de Madrid,
_c1991
300 _a1 casete (ca. 90 min) :
_bson. ;
_c11 cm
490 1 _3Actos culturales en el Ateneo de Madrid
511 _aIntervienen Elena Gascón Vera, catedrática de literatura española en Wellesly-College (Boston); y Margarita Pisano, arquitecta y miembro de La Casa Morada (Santiago de Chile).
518 _aGrabado el 25 de febrero de 1991 en el Ateneo de Madrid.
520 _aDebate "Odisea del tiempo: la ciencia ficción" dentro del ciclo "El mundo que sueñan las mujeres", se comenta el tema de la utopía y la creación de otro mundo a través del sueño de ciertas mujeres literarias.
540 _aDocumento inédito
594 _5Datos basados en la invitación.
610 2 0 _aAteneo de Madrid-
_xActos culturales-
_y1991-
_vGrabaciones sonoras
_9240452
650 7 _aMujeres
_2embne
_915251
653 _aArchivo de la palabra
655 0 _aConferencias
_9234444
700 1 _9240586
_aGascón Vera, Elena,
_eora
_d1943-2021
700 1 _aPisano Fischer, Margarita
_eora
_9240587
710 2 _aAteneo de Madrid
_ehis
_91875
830 0 _aActos culturales en el Ateneo de Madrid
_9240237
852 _aES-MaACL
_cDEPOZ
_9205634
852 _aES-MaACL
_cDEPOZ
942 _2udc
_n0
_cCINTASAUD
999 _c197332
_d197332